Responses for Show #5429 - Thursday, March 27, 2008

Contestants

[<< previous game]

Ann Drourr, a rare bookseller from Mount Laurel, New Jersey

Matt Stull, a public relations professional from Louisville, Kentucky

Dave Sikula, an Internet search editor from Pacifica, California (whose 1-day cash winnings total $15,000)

[next game >>]

Jeopardy! Round responses

EASTER
BUNNY
LOCO FOR LOGOS
NURSERY RHYMES ON THE 11 O'CLOCK NEWS
NOMS DE PLUME
"MAN" IN THE MIDDLE
(Alex: Those three letters, "M-A-N", will appear in the middle of each correct response.)
    $200 11
Dublin

Dave
    $200 23
Bugs Bunny

Matt
    $200 21
TiVo

Matt
    $200 16
Simple Simon

Ann
    $200 1
a swan

Dave
    $200 4
an almanac

Ann
    $400 12
Easter Seals

Dave
    $400 27
(Alex: I threw an extra "going" in there.)

the Energizer Bunny

Matt
    $400 22
United

Ann
    $400 17
Jack

Dave
    $400 2
a dove

Triple Stumper
    $400 5
salamanders

Dave
    $600 13
Easter Island

Dave
    $600 28
the bunny hop

Dave
    $600 24
the American Lung Association

Matt
    $600 18
the farmer's wife

Dave
    $600 3
a goose

Ann
    $600 8
dismantle

Ann
    $800 14
the Hollywood Bowl

Dave
    $800 29
Lauren Hutton

Matt
    $3,000 25
Diners Club

Matt
    $800 19
Tom, Tom

Dave
    $800 6
an owl

Matt
    $800 9
Kilimanjaro

Dave
    $1000 15
the White House

Matt
    $1000 30
Thumper

Ann
    $1000 26
Enterprise Rent-A-Car

Matt
    $1000 20
baa, baa, black sheep

Dave
    $1000 7
a quail

Matt
    $1000 10
permanent

Ann

Scores at the first commercial break (after clue 15):

Dave Matt Ann
$3,400 $2,800 $2,400

Scores at the end of the Jeopardy! Round:

Dave Matt Ann
$6,800 $9,000 $4,000

Double Jeopardy! Round responses

SHAKESPEARE
CLINT EASTWOOD: A CAREER IN HOLLYWOOD
MY, YOU'VE AGED
VIVA ITALIA
I'LL HAVE THE LAME DUCK
CROSSWORD CLUES "Q"
    $400 1
Katherina

Matt
    $400 6
The Bridges of Madison County

Dave
    $400 26
perspiration

Dave
    $400 11
Sicily

Ann
    $400 21
Lyndon Johnson

Ann
    $400 16
quench

Dave
    $800 2
Macbeth

Matt
    $800 7
The Good, the Bad and the Ugly

Ann
    $800 27
grow a beard

Dave
    $800 12
Venice

Ann
    $800 22
Ronald Reagan

Matt
    $800 17
quarry

Matt
    $1200 3
All's Well that Ends Well

Dave
    $1200 8
Rawhide

Ann
    $1200 28
excommunication

Matt
    $1200 13
the Appian Way

Dave
    $1200 23
Bill Clinton

Matt
    $1200 18
quantum

Matt
    $3,000 4
(Dave: What are The Winter's Tale and...)
(Alex: Just need the seasons.)
(Dave: ...winters and...)
(Alex: Hurry... [Time] [*]. A Mid[*] Night's Dream.)

winter & summer

Dave
    $1600 9
Play Misty for Me

Dave
    $1600 29
Dustin Hoffman

Matt
    $1600 14
Vespa

Matt
    $1600 24
Harry Truman

Ann
    $1600 19
Quantico

Matt
    $2000 5
(Dave: What is Pericles?)

Troilus and Cressida

Dave
Triple Stumper
    $2000 10
(Matt: What's the Cecil B. DeMille Award?)

the Irving G. Thalberg Memorial Award

MattAnn
    $2000 30
1863

Matt
    $2000 15
Giuseppe Garibaldi

Triple Stumper
    $5,000 25
Jimmy Carter

Ann
    $2000 20
quintessential

Dave

Scores at the end of the Double Jeopardy! Round:

Dave Matt Ann
$9,800 $20,200 $16,200

[wagering suggestions for these scores]

Final Jeopardy! Round responses

CLASSICAL MUSICIANS
DaveWho is Beethoven?
$9,800
AnnWho was Beethoven?
$15,000
MattWho is Mozart?
$13,000
Ludwig van Beethoven

Final scores:

Dave Matt Ann
$19,600 $7,200 $31,200
2nd place: $2,000 3rd place: $1,000 New champion: $31,200

Game dynamics:

Coryat scores:

Dave Matt Ann
$12,800 $18,000 $13,200
20 R,
2 W
(including 1 DD)
21 R
(including 1 DD),
1 W
15 R
(including 1 DD),
0 W

Combined Coryat: $44,000

[game clues] [game scores] [suggest correction]

Game tape date: 2007-12-04
The J! Archive is created by fans, for fans. Scraping, republication, monetization, and malicious use prohibited; this site may use cookies and collect identifying information. See terms. The Jeopardy! game show and all elements thereof, including but not limited to copyright and trademark thereto, are the property of Jeopardy Productions, Inc. and are protected under law. This website is not affiliated with, sponsored by, or operated by Jeopardy Productions, Inc. Join the discussion at JBoard.tv.